Normal view
MARC view
Entry Personal Name
001 - CONTROL NUMBER
- control field: 548
003 - CONTROL NUMBER IDENTIFIER
- control field: ARRUPE
005 - DATE AND TIME OF LATEST TRANSACTION
- control field: 20130918133905.0
008 - FIXED-LENGTH DATA ELEMENTS
- fixed length control field: 130918|| aca||aabn | a|a d
040 ## - CATALOGING SOURCE
- Original cataloging agency: ARRUPE
- Transcribing agency: ARRUPE
100 ## - HEADING--PERSONAL NAME
- Personal name: Habermas, Jürgen.
670 ## - SOURCE DATA FOUND
- Source citation: Work cat.: (ARRUPE)0: Fleming, Marie, Ph. D. 547, Emancipation and illusion :, c1997.